[Event "Floripa Chess Open 2024"]
[Site "Florianopolis"]
[Date "2024.01.24"]
[Round "6.88"]
[White "Justiniano Flores, Luis Fernando"]
[Black "Do Carmo, Gabriel Carckeno"]
[Result "1-0"]
[WhiteElo "1486"]
[BlackElo "1869"]
[PlyCount "73"]
[EventDate "2024.01.20"]
[EventRounds "10"]
[EventCountry "BRA"]

1. d4 d5 2. Bf4 Nf6 3. e3 c5 4. c3 Nc6 5. Nd2 Qb6 6. Qb3 c4 7. Qc2 g6 8. e4
dxe4 ({RR} 8... Nxe4 9. Nxe4 dxe4 10. Bxc4 Bg7 11. Ne2 O-O 12. O-O e5 13. dxe5
Nxe5 14. Bxe5 Bxe5 15. Qxe4 Re8 16. Qf3 Bf5 17. Bb3 a5 18. Ng3 Bxg3 19. hxg3 h5
20. Rae1 Rxe1 21. Rxe1 a4 22. Bd5 Qxb2 23. Re7 {Vachier Lagrave,M (2784)
-Abdusattorov,N (2627) chess.com INT 2021 1-0 (48)}) 9. Bxc4 Bf5 10. Qb3 ({RR} 
10. Be3 Bg7 11. Ne2 O-O 12. h3 Qc7 13. O-O Rac8 14. a4 e5 15. g4 exd4 16. gxf5
dxe3 17. fxe3 Ne5 18. Ba2 Nd3 19. fxg6 hxg6 20. Nxe4 Nxe4 21. Qxd3 Ng3 22. Rf3
Rcd8 23. Qc2 Nf5 24. Raf1 Nh4 {Golubova,A (2132)-Lysenko,M (2264) Sochi RUS
2023 0-1}) 10... Qxb3 $146 ({RR} 10... e6 11. Qxb6 axb6 12. h3 h5 13. Ne2 Nd5
14. Be3 h4 15. g4 hxg3 16. Nxg3 Nxe3 17. fxe3 Rh4 18. d5 Ne5 19. dxe6 fxe6 20.
Be2 Bh6 21. Kf2 Ke7 22. Bg4 Rf8 23. Kg2 Bxe3 24. Ndxe4 Nxg4 25. hxg4 {Pakleza,
Z (2496)-Maghsoodloo,P (2720) chess.com INT 2022 0-1 (33)}) ({RR} 10... e6 11.
Qxb6 axb6 12. Ne2 Nd5 13. Be3 Bd6 14. Bb3 O-O 15. Bc2 e5 16. Nxe4 exd4 17. Nxd6
Bxc2 18. Nxd4 Nxd4 19. Bxd4 Rad8 20. Nc4 b5 21. Na3 Bd3 22. Kd2 b4 23. Kxd3
bxa3 24. bxa3 Nf4+ 25. Kc2 {Kamsky,G (2649)-Kezin,R (2484) chess.com INT 2021
0-1 (54)}) 11. Nxb3 Nh5 12. Be3 Bg7 13. h3 Nf6 14. Ne2 O-O 15. g4 Bc8 16. g5
Nd7 17. Nd2 Na5 18. Bd5 e5 19. Bxe4 exd4 20. Bxd4 Ne5 21. f4 Nec4 22. O-O-O Re8
23. Bd3 Ne3 24. Rde1 Nf5 25. Bxg7 Kxg7 26. h4 Be6 27. b3 Rac8 28. Kb2 Red8 29.
Nc1 Rc7 30. Ne4 Nd6 31. Nf6 Nc6 32. h5 Rh8 33. hxg6 hxg6 34. Rxh8 Kxh8 35. Bxg6
fxg6 36. Rxe6 Nf5 37. Re2 1-0

[Event "Floripa Chess Open 2024"]
[Site "Florianopolis"]
[Date "2024.01.24"]
[Round "6.89"]
[White "Borgonovo, Fabiano"]
[Black "De Paula, Luan Araujo"]
[Result "0-1"]
[WhiteElo "1466"]
[BlackElo "1863"]
[PlyCount "44"]
[EventDate "2024.01.20"]
[EventRounds "10"]
[EventCountry "BRA"]

1. d4 Nf6 2. c4 c5 3. Nc3 cxd4 4. Qxd4 Nc6 5. Qh4 ({RR} 5. Qd2 e6 6. e3 d5 7.
Nf3 Bb4 8. Qc2 O-O 9. Be2 dxc4 10. O-O Bd7 11. Bxc4 Rc8 12. Rd1 Qc7 13. Bd3
Rfd8 14. a3 Be7 15. Nb5 Qb8 16. Qe2 Na5 17. Nbd4 Ba4 18. Re1 Nb3 19. Nxb3 Bxb3
{[%emt 0:00:02] Kurajica,B (2585)-Fernandez Garcia,J (2445) Santa Cruz de
Tenerife 1995 1/2-1/}) 5... Nb4 ({RR} 5... e6 6. g4 d5 7. g5 Ne4 8. Bg2 Nxc3 9.
bxc3 Qa5 10. Bd2 dxc4 11. Nf3 Ba3 12. Qxc4 e5 13. h4 Be6 14. Qe4 O-O 15. h5 Bb2
16. Rb1 Bxc3 17. g6 f5 18. gxh7+ Kh8 19. Qc2 Bxd2+ 20. Qxd2 {Nguyen Ngoc
Truong Son (2641) -Gunduz,U (2301) chess.com INT 2023 1-0 (35)}) 6. Kd1 d5 7.
cxd5 $146 ({RR} 7. Bd2 h6 8. Nf3 g6 9. Nb5 Na6 10. cxd5 Qxd5 11. Nc3 Qd8 12. e3
Nc5 13. Qc4 b6 14. Ne5 Be6 15. Qb5+ Nfd7 16. Nxd7 Bxd7 17. Qc4 Rc8 18. Qd4 Rg8
19. Nb5 a6 20. Nc3 Bg7 21. Qf4 g5 {Huynh,N-Dorenkamp,M Bendorf 2006 0-1 (56)})
7... Nfxd5 8. Bd2 Nxc3+ 9. bxc3 Nc6 10. e4 Qa5 11. Bc4 e6 12. Ne2 Be7 13. Qg3
Bf6 14. Rb1 Qa4+ 15. Bb3 Qxe4 16. Bc2 Qe5 17. Qd3 Qd5 18. Qxd5 exd5 19. Ba4 O-O
20. Nf4 Rd8 21. Re1 g5 22. Nh5 Bg4+ 0-1

[Event "Floripa Chess Open 2024"]
[Site "Florianopolis"]
[Date "2024.01.24"]
[Round "6.92"]
[White "Felizes, Paulo"]
[Black "Toffoli, Vanessa"]
[Result "1-0"]
[WhiteElo "1855"]
[BlackElo "1466"]
[PlyCount "95"]
[EventDate "2024.01.20"]
[EventRounds "10"]
[EventCountry "BRA"]

1. d4 Nf6 2. Bg5 Ne4 3. h4 c5 4. dxc5 Qa5+ 5. Nd2 h6 6. Bf4 Nxd2 7. Qxd2 Qxc5
8. e4 Nc6 9. Nf3 $146 ({RR} 9. O-O-O d6 10. Be3 Qa5 11. Qxa5 Nxa5 12. f4 e6 13.
c4 Bd7 14. b3 b6 15. Nf3 Be7 16. e5 dxe5 17. Nxe5 Rd8 18. Be2 Nc6 19. Nxd7 Rxd7
20. Bf3 Ba3+ 21. Kb1 Rxd1+ 22. Rxd1 Nb4 23. c5 O-O {Simonovic,M (2115)-Miszler,
L (2265) chess.com INT 2023 0-1 (54)}) 9... Qb6 10. Bc4 e6 11. O-O Qxb2 12.
Rfd1 Bb4 13. Qd3 Qc3 14. Qe2 Qf6 15. Bg3 e5 16. Rab1 d6 17. Bd5 Bc5 18. Qb5 O-O
19. Bxc6 bxc6 20. Qxc6 Bg4 21. Rd3 Rab8 22. Rxb8 Rxb8 23. Nd2 Be2 24. Rb3 Rb6
25. Rxb6 Bxb6 26. Qe8+ Kh7 27. a4 Qg6 28. Qc6 Qxg3 29. Qxb6 Qxg2+ 30. Kxg2 axb6
31. f3 g6 32. Kf2 Ba6 33. Nb1 Kg7 34. Nc3 Bc4 35. Nd1 Kf8 36. Ne3 Be6 37. Ke2
Ke7 38. Kd3 Bd7 39. Nd5+ Ke6 40. Nxb6 Bc6 41. a5 f5 42. c4 Bb7 43. Nd5 Bxd5 44.
exd5+ Kd7 45. a6 Kc7 46. c5 dxc5 47. d6+ Kxd6 48. a7 1-0

[Event "Floripa Chess Open 2024"]
[Site "Florianopolis"]
[Date "2024.01.24"]
[Round "6.93"]
[White "Santos, Abel Cardoso Dos"]
[Black "Bonilla Viamonte, Diego Armando"]
[Result "1-0"]
[WhiteElo "1854"]
[BlackElo "1620"]
[PlyCount "53"]
[EventDate "2024.01.20"]
[EventRounds "10"]
[EventCountry "BRA"]

1. e4 {Postny,E} c6 2. d4 d5 3. Nc3 dxe4 4. Nxe4 Bf5 5. Ng3 Bg6 6. h4 h6 7. Nf3
Nd7 8. h5 Bh7 9. Bd3 Bxd3 10. Qxd3 Qc7 11. Bd2 Ngf6 12. O-O-O e6 13. Kb1 O-O-O
14. c4 Bd6 ({RR} 14... c5 15. Qe2 cxd4 16. Nxd4 a6 17. Nb3 Bd6 18. c5 Bxg3 ({RR
} 18... Nxc5 19. Nxc5 Bxc5 20. b4) 19. Ba5 Qe5 20. Qc2 Rde8 21. c6 Nb8 22.
cxb7+ Kxb7 23. Bc3 Qf5 24. Qxf5 exf5 25. fxg3) 15. Ne4 Nxe4 ({RR} 15... Bf4)
16. Qxe4 Nf6 17. Qe2 Rhe8 ({RR} 17... c5 18. Bc3 Rhe8 ({RR} 18... cxd4 19. Nxd4
({RR} 19. Bxd4 Bc5 20. Bxc5 Qxc5 21. Ne5 Nd7 22. Rxd7 ({RR} 22. Nxf7 Qf5+)
22... Rxd7 23. Nxd7 Kxd7 24. Rd1+ Kc8) 19... a6 20. g3 Rd7 21. Nb3 Rhd8 22. Ba5
b6 23. c5 bxa5 24. cxd6) 19. Ne5 cxd4 20. Bxd4 Bxe5 21. Bxe5 Qc6 ({RR} 21...
Qc5 22. f4 Rxd1+ 23. Rxd1 Rd8 24. Rc1 Qa5 25. Rc2 Qc5 26. a3 Qc6 27. Ka2 Ne8
28. g4 Qd7 29. Qe3 f6 30. Bc3) 22. g4 Rxd1+ 23. Rxd1 Rd8 24. Re1 ({RR} 24.
Rxd8+ Kxd8 25. Bxf6+ gxf6 26. f3 Ke8 27. Qe4 Qd7 28. Kc2 Kf8 29. b3 Kg7 30. Kc3
b6 31. Qd4 Qc6 32. Qe4) 24... Ne8 ({RR} 24... Qg2 25. Bg3 Kd7) 25. f4 Qd7 ({RR
} 25... f6 26. Bc3 Nc7 27. b3 Rd7 28. a4 Qd6 29. Qe3 Qd3+ 30. Kb2 b6 31. Qxd3
Rxd3 32. g5 Rh3 33. gxf6 gxf6 34. Bxf6 Rxh5 35. Rd1) 26. Bc3 Qd3+ 27. Qxd3 Rxd3
28. f5 ({RR} 28. g5 hxg5 29. fxg5 Rh3 30. g6 f6 31. Rxe6 Kd7 32. Re1 Rxh5 33.
Bb4 Re5) 28... Kd7 29. fxe6+ fxe6 30. Rf1 Ke7 31. Kc2 ({RR} 31. Bb4+ Kd8 32.
Rf7 Rd7) 31... Rg3 32. Bb4+ {Ponomariov,R (2719)-Postny,E (2674) Kallithea
2008 CBM 127 [Postny,E] 1/2-1/2 (83)}) 18. c5 $146 ({RR} 18. Bc3 c5 19. a3 Qc6
20. dxc5 Bxc5 21. Ne5 Qe4+ 22. Qc2 Rxd1+ 23. Rxd1 Qxc2+ 24. Kxc2 Nxh5 25. b4
Be7 26. g4 Nf6 27. f3 Rf8 28. Bd4 Bd6 29. Re1 a6 30. Kb3 Ne8 31. Nd3 Be7 32. b5
Bf6 {Botta,G (2092)-Profumo,A (2245) Lugano 2008 0-1 (58)}) ({RR} 18. Bc3 Kb8
19. g3 Ka8 20. Rh4 c5 21. dxc5 Bxc5 22. Be5 Rxd1+ 23. Qxd1 Rd8 24. Qe2 Qb6 25.
Bxf6 gxf6 26. Rh2 Qd6 27. Kc2 Qa6 28. Kb1 Qd6 29. Kc2 Qd7 30. Rh1 e5 31. Nd2
Bb4 32. Rd1 a6 {Verbin,V (1838)-Stoleriu,G (2392) Arad ROU 2018 0-1 (78)}) ({RR
} 18. Bc3 Qe7 19. Rh4 Bb4 20. Bd2 Bxd2 21. Nxd2 e5 22. Nb3 exd4 23. Qf3 Qe2 24.
Qf5+ Kb8 25. Qc2 Qxc2+ 26. Kxc2 Re2+ 27. Rd2 d3+ 28. Kd1 Re4 29. Rh3 Ng4 30. c5
Rf4 31. f3 Ne3+ 32. Ke1 Nc4 {Dierckens,S (1594)-Deplus,G (1641) Worriken
Buetgenbach 2004 1/2-1/2 (37)}) 18... Bf4 19. g3 Bxd2 20. Rxd2 Nd5 21. Ne5 Rf8
22. f4 Qa5 23. Nc4 Qb4 24. Rc1 a5 25. Rd3 a4 26. Qe5 Nf6 27. Nb6+ 1-0

[Event "Floripa Chess Open 2024"]
[Site "Florianopolis"]
[Date "2024.01.24"]
[Round "6.94"]
[White "Karoly, Carlos Acacio Gomes"]
[Black "Zottis, Pietro"]
[Result "1/2-1/2"]
[WhiteElo "1846"]
[BlackElo "1418"]
[PlyCount "52"]
[EventDate "2024.01.20"]
[EventRounds "10"]
[EventCountry "BRA"]

1. Nf3 Nf6 2. g3 d5 3. b3 Bf5 4. Bb2 e6 5. Bg2 c5 6. d3 Nc6 7. Nbd2 Be7 8. O-O
O-O 9. Re1 Re8 $146 ({RR} 9... d4 10. e4 dxe3 11. Rxe3 Nd5 12. Re1 Bf6 13. Ne5
Nxe5 14. Bxe5 Bxe5 15. Rxe5 Qc7 16. Qe1 Nf6 17. a4 Rad8 18. Nc4 a6 19. a5 Ng4
20. Re2 Nf6 21. Qc3 Nd5 22. Qb2 Nf6 23. Qe5 Qxe5 24. Rxe5 {Harrison,J-Dykes,D
Dos Hermanas 2003 1-0 (52)}) ({RR} 9... d4 10. e4 dxe3 11. fxe3 Bg4 12. a3 Qc7
13. Qe2 e5 14. Qf2 Rad8 15. Nh4 Be6 16. Nf5 Bd5 17. Rad1 Bxg2 18. Qxg2 Rfe8 19.
Rf1 Bf8 20. g4 g6 21. Nh4 Nd5 22. Qg3 Qe7 23. Ne4 Bg7 24. g5 {Bagonyai,A (2259)
-Varadi,V (2231) Hungary 2000 0-1 (56)}) 10. h3 Qc7 11. Nh4 Bg6 12. Nxg6 hxg6
13. e4 dxe4 14. Nxe4 Nxe4 15. Rxe4 Rad8 16. h4 Nd4 17. h5 gxh5 18. Qxh5 Bf6 19.
c3 Nc6 20. Rd1 b6 21. Re3 Ne7 22. Be4 g6 23. Qf3 Bg7 24. d4 cxd4 25. cxd4 Nd5
26. Ree1 Qd7 1/2-1/2

[Event "Floripa Chess Open 2024"]
[Site "Florianopolis"]
[Date "2024.01.24"]
[Round "6.96"]
[White "Da Silva, Leonardo Douglas Si"]
[Black "Mariani, Daniel Brandao"]
[Result "0-1"]
[WhiteElo "1800"]
[BlackElo "2040"]
[PlyCount "64"]
[EventDate "2024.01.20"]
[EventRounds "10"]
[EventCountry "BRA"]

1. d4 Nf6 2. Nf3 g6 3. Bg5 Ne4 4. Bf4 Bg7 5. e3 b6 ({RR} 5... c5 6. c3 Qb6 7.
Qb3 Qxb3 8. axb3 cxd4 9. cxd4 Nc6 10. Ra4 d5 11. Nc3 Nxc3 12. bxc3 O-O 13. Bb5
Bd7 14. Ra3 a6 15. Bd3 Rac8 16. h3 Nb4 17. Kd2 Nxd3 18. Kxd3 f6 19. Ra2 Rfe8
20. Kd2 {Cheng,B (2333)-Ganguly,S (2631) Edmonton 2008 0-1 (40)}) 6. c4 $146 ({
RR} 6. Nbd2 Nxd2 7. Qxd2 Bb7 8. c3 d6 9. Bd3 Nd7 10. e4 O-O 11. Bh6 Nf6 12.
Bxg7 Kxg7 13. h4 h5 14. Ng5 e5 15. d5 Bc8 16. O-O-O Nh7 17. Nxh7 Kxh7 18. f4
exf4 19. Rdf1 Bg4 20. Rxf4 Qe7 {Guimard,C-Juarez,C Buenos Aires 1959 1/2-1/2  
(42)}) ({RR} 6. Nbd2 Nxd2 7. Qxd2 O-O 8. Be2 d6 9. O-O c5 10. dxc5 dxc5 11.
Qxd8 Rxd8 12. Rad1 Rxd1 13. Rxd1 Nc6 14. c3 Be6 15. Bb5 Rd8 16. Rxd8+ Nxd8 17.
Bb8 Nb7 18. Bxa7 Nd6 19. Ba6 Bxa2 20. Bxb6 Bc4 {Goetz,D (1802)-Gerks,J (1853)
Eckernfoerde 2016 0-1 (47)}) ({RR} 6. Bd3 Bb7 7. Nbd2 Nf6 8. e4 d6 9. Qe2 Nbd7
10. O-O-O c5 11. d5 O-O 12. h4 a6 13. h5 b5 14. c3 Qa5 15. Kb1 c4 16. Bc2 Bxd5
17. exd5 Nxd5 18. hxg6 hxg6 19. Bxg6 Nxc3+ 20. bxc3 Qxc3 {Cherny,O (2060)
-Chizhikov,V Moscow 2007 1-0}) 6... c5 7. Qc2 f5 8. Be5 O-O 9. Bxg7 Kxg7 10.
Nc3 Bb7 11. d5 Nf6 12. Be2 e6 13. O-O-O exd5 14. Nxd5 Bxd5 15. cxd5 Re8 16. h4
a6 17. Qc3 h6 18. h5 g5 19. Ne5 Ne4 20. Qc2 Rxe5 21. f4 Re8 22. Bf3 g4 23. Bxe4
Rxe4 24. Qb3 d6 25. g3 Nd7 26. Kb1 Qf6 27. Rh2 Rae8 28. Re2 b5 29. Qa3 Ra4 30.
Qd3 Nb6 31. b3 Rae4 32. a4 c4 0-1

[Event "Floripa Chess Open 2024"]
[Site "Florianopolis"]
[Date "2024.01.24"]
[Round "6.97"]
[White "Ferreira, Thales Bond Dias"]
[Black "De Almeida, Guilherme Pereira"]
[Result "1-0"]
[WhiteElo "2086"]
[BlackElo "1731"]
[PlyCount "83"]
[EventDate "2024.01.20"]
[EventRounds "10"]
[EventCountry "BRA"]

1. Nf3 c5 2. g3 b6 3. Bg2 Bb7 4. c4 Nf6 5. Nc3 e6 6. O-O Be7 7. b3 O-O 8. Bb2
d6 9. d3 Nbd7 10. e3 a6 11. Qe2 Qc7 12. d4 Rfe8 13. Rfd1 Ne4 14. Rac1 $146 ({RR
} 14. Nxe4 Bxe4 {1/2-1/2 (14) Flesch,J-Muir,A London 1982}) 14... Ndf6 15. Nxe4
Nxe4 16. Ne1 f5 17. f3 Nf6 18. Nd3 Nd7 19. Nf4 Nf8 20. Qd3 g6 21. dxc5 bxc5 22.
Qc3 e5 23. Nd5 Bxd5 24. Rxd5 Bf6 25. Rcd1 Re6 26. Qd2 Be7 27. e4 Rf6 28. f4 Re6
29. exf5 gxf5 30. Bh3 Rh6 31. Bxf5 exf4 32. Qxf4 Bf6 33. Qxh6 Bxb2 34. Rxd6
Bd4+ 35. Kg2 Qe7 36. Bd3 Rd8 37. Rxd8 Qxd8 38. Qf4 Qe7 39. Qe4 Qg7 40. Rf1 Qh6
41. Qf4 Qg7 42. Be4 1-0

[Event "Floripa Chess Open 2024"]
[Site "Florianopolis"]
[Date "2024.01.24"]
[Round "6.98"]
[White "Cunha, Adriano De Jesus Si"]
[Black "Pavoni, Felipe Stevanin"]
[Result "0-1"]
[WhiteElo "2003"]
[BlackElo "1662"]
[PlyCount "85"]
[EventDate "2024.01.20"]
[EventRounds "10"]
[EventCountry "BRA"]

1. d4 Nf6 2. Nf3 g6 3. Bg5 Bg7 4. Nbd2 d6 5. e4 h6 6. Bh4 c5 ({RR} 6... g5 7.
Bg3 c6 8. c3 Bg4 9. Bd3 Nbd7 10. h3 Bh5 11. Qc2 c5 12. e5 Nd5 13. e6 N7f6 14.
exf7+ Bxf7 15. dxc5 Nh5 16. cxd6 exd6 17. Qa4+ Kf8 18. O-O Ndf4 19. Bf5 b5 20.
Qc2 d5 21. Nb3 {Harika,D (2517)-Cori T.,D (2371) chess.com INT 2022 1-0 (33)})
({RR} 6... Bg4 7. h3 Bxf3 8. Qxf3 Nbd7 9. Bc4 c5 10. c3 cxd4 11. cxd4 e5 12.
dxe5 Nxe5 13. Bb5+ Nfd7 14. Bxd8 Nxf3+ 15. Nxf3 Rxd8 16. O-O-O O-O 17. Rxd6
Rc8+ 18. Kb1 Nc5 19. Re1 a6 20. Bd3 Na4 21. e5 {Vaglio Mattey,E (2155)-Nan M K
Khine Hlyan (1973) chess.com INT 2023 1-0 (56)}) 7. dxc5 dxc5 8. Bc4 Qb6 $146 (
{RR} 8... Nc6 9. O-O O-O 10. c3 a6 11. a4 e5 12. Qc2 g5 13. Bg3 Nh5 14. Bd5
Nxg3 15. hxg3 Ne7 16. Nc4 Qc7 17. Ne3 Rb8 18. g4 Bf6 19. Qe2 Kg7 20. g3 Rh8 21.
Kg2 Bd7 22. Rh1 b5 23. axb5 {Yegiazarian,A (2455)-Situru,N (2385) Yerevan 1996
1/2-1/2 (46)}) ({RR} 8... Nc6 9. O-O Bg4 10. Re1 O-O 11. c3 Ne5 12. Qe2 Nh5 13.
Bg3 Nxg3 14. hxg3 e6 15. Nf1 Qb6 16. N1h2 {1/2-1/2 (16) Johansen,D (2400)-Bao,
Q (2213) Sydney 2014}) 9. Bb3 Be6 10. O-O g5 11. Bg3 Nbd7 12. Ne5 Bxb3 13. axb3
Nxe5 14. Bxe5 Qe6 15. Bc3 O-O 16. Qe2 a6 17. b4 cxb4 18. Bxb4 Nd5 19. Qc4 Nxb4
20. Qxb4 Rac8 21. c3 Rfd8 22. Rad1 Rd7 23. f3 Rcd8 24. Rf2 Be5 25. g3 Bb8 26.
Re2 Qh3 27. c4 Be5 28. Rde1 b6 29. Nf1 a5 30. Qb5 Bd4+ 31. Kh1 Bc5 32. f4 Rd1
33. Qb3 R1d3 34. Qc2 Qh5 35. h4 Qf3+ 36. Kh2 gxh4 37. Rg2 h3 38. Rge2 Kh8 39.
Kxh3 Rg8 40. Kh2 Rxg3 41. Nxg3 Qxg3+ 42. Kh1 Qh4+ 43. Kg2 0-1

[Event "Floripa Chess Open 2024"]
[Site "Florianopolis"]
[Date "2024.01.24"]
[Round "6.99"]
[White "Costa, Ricardo Santos"]
[Black "Benitez, Andres"]
[Result "0-1"]
[WhiteElo "1731"]
[BlackElo "1956"]
[PlyCount "114"]
[EventDate "2024.01.20"]
[EventRounds "10"]
[EventCountry "BRA"]

1. c4 e6 2. d4 d5 3. Nf3 a6 4. e3 Nf6 5. Bd3 dxc4 6. Bxc4 b5 7. Be2 c5 8. O-O
Bb7 9. b3 Nbd7 10. Bb2 Be7 11. Nbd2 O-O 12. a3 $146 ({RR} 12. a4 Bc6 13. axb5
axb5 14. Bd3 Nd5 15. Qe2 Qb6 16. Rfc1 Nb4 17. Rxa8 Rxa8 18. Bb1 Bb7 19. dxc5
Nxc5 20. Ne5 f5 21. Bd4 Rd8 22. Qh5 Rf8 23. Ndf3 Bxf3 24. Qxf3 Qa7 25. Qd1 Rd8
26. Qe1 Qa3 {Miroshnik,E (2067)-Shvedova,A (1969) Moscow RUS 2020 1-0 (41)}) ({
RR} 12. a4 Bc6 13. axb5 axb5 14. Bd3 Nd5 15. Qe2 Qb6 16. Rfc1 Nb4 17. Rxa8 Rxa8
18. Bb1 Bb7 19. dxc5 Nxc5 20. Ne5 f5 21. Bd4 Rd8 22. Qh5 Rf8 23. Ndf3 Bxf3 24.
Qxf3 Qa7 25. Qd1 Rd8 26. Qe1 Qa3 {Miroshnik,E (2067)-Shvedova,A (1969) Moscow
RUS 2020 1-0 (41)}) 12... Rc8 13. Rc1 Rc7 14. dxc5 Nxc5 15. Bd4 Ncd7 16. b4 Qb8
17. Rxc7 Qxc7 18. Qc1 Qb8 19. Qb2 Re8 20. Rc1 Bd6 21. h3 e5 22. Bc3 Nd5 23. e4
Nxc3 24. Rxc3 Nf8 25. Qc2 Qa8 26. Ne1 Ne6 27. f3 Qa7+ 28. Kf1 Nd4 29. Qd1 Be7
30. Nb3 f5 31. exf5 Nxf5 32. g4 Rd8 33. Qc2 Ne3+ 34. Rxe3 Qxe3 35. Ng2 Qb6 36.
Bd3 Bxf3 37. Bxh7+ Kh8 38. Ne1 Bd1 39. Qc3 Kxh7 40. Nc5 Bh4 41. Qxe5 Qf6+ 42.
Qxf6 Bxf6 43. Ned3 Bc2 44. Nf4 Bb2 45. Nfe6 Rd6 46. Nc7 Bxa3 47. N7xa6 Bd3+ 48.
Kf2 Bc4 49. Nc7 Bxb4 50. Ne4 Rc6 51. Ne8 Rc8 52. N8d6 Bxd6 53. Nxd6 Rd8 54. Ne4
b4 55. Ke3 Re8 56. Kd4 Rxe4+ 57. Kxe4 b3 0-1

[Event "Floripa Chess Open 2024"]
[Site "Florianopolis"]
[Date "2024.01.24"]
[Round "6.100"]
[White "Campora, Edgardo"]
[Black "Carvalho Jr, Celestino"]
[Result "0-1"]
[WhiteElo "1720"]
[BlackElo "1939"]
[PlyCount "76"]
[EventDate "2024.01.20"]
[EventRounds "10"]
[EventCountry "BRA"]

1. e4 c5 2. Nf3 Nc6 3. d4 cxd4 4. Nxd4 d6 5. Nc3 Nf6 6. Bg5 e6 7. Nb3 a6 8. a3
$146 ({RR} 8. Be2 h6 9. Bh4 Be7 10. O-O O-O 11. Qe1 b5 12. a3 Bb7 13. Rd1 Nd7
14. Bg3 Nb6 15. f4 Qc7 16. f5 Rad8 17. Bg4 Bc8 18. f6 Bxf6 19. Rxf6 gxf6 20.
Qe3 Kg7 21. Rf1 e5 22. Bxc8 Rxc8 {Vanek,T (2131)-Tao,S (2041) chess.com INT
2023 1-0 (35)}) ({RR} 8. a4 Be7 9. Be2 O-O 10. O-O b6 11. Nd4 Bb7 12. Nxc6 Bxc6
13. f3 Qc7 14. Be3 Qb7 15. b4 b5 16. axb5 axb5 17. Bd3 Rxa1 18. Qxa1 Ra8 19.
Qe1 Ra3 20. Bc1 Ra8 21. Qe2 d5 22. exd5 Nxd5 {Stoyanov,T (2387)-Nevednichy,V  
(2531) Paleochora GRE 2019 1/2-1/2 (42)}) ({RR} 8. Be2 Be7 9. Qd2 h6 10. Be3 b5
11. a3 Bb7 12. f4 Qc7 13. Bf3 Rc8 14. O-O O-O 15. Qf2 b4 16. axb4 Nxb4 17. Rfd1
d5 18. e5 Nd7 19. Ra4 Bc6 20. Ra5 Rb8 21. Raa1 Bb7 22. Rd2 Rfc8 {Nikolac,
J-Milic,B Opatija 1953 1/2-1/2 (57)}) 8... b5 9. Bd3 Bb7 10. O-O Be7 11. Kh1
Qc7 12. f4 h6 13. Bxf6 Bxf6 14. Qe1 h5 15. Rd1 b4 16. e5 dxe5 17. Ne4 Be7 18.
Nec5 O-O 19. Qe4 f5 20. Qc4 Nd8 21. Nxb7 Qxb7 22. axb4 e4 23. Be2 Bxb4 24. Bxh5
Rc8 25. Qe2 Rf6 26. c3 Be7 27. Nd4 g6 28. g4 gxh5 29. g5 Rg6 30. Qxh5 Kg7 31.
Qe2 e3+ 32. Rf3 Nc6 33. h4 Rh8 34. Qxe3 Nxd4 35. Qxd4+ Kf7 36. Qf2 Rxh4+ 37.
Kg1 Rg4+ 38. Kf1 Bc5 0-1

[Event "Floripa Chess Open 2024"]
[Site "Florianopolis"]
[Date "2024.01.24"]
[Round "6.101"]
[White "Garmendia Vega, Gabriel"]
[Black "Pereira, Armando Scharlau"]
[Result "1-0"]
[WhiteElo "1937"]
[BlackElo "1618"]
[PlyCount "113"]
[EventDate "2024.01.20"]
[EventRounds "10"]
[EventCountry "BRA"]

1. e4 e6 2. d4 d5 3. Nc3 Bb4 4. e5 b6 5. Qg4 Bf8 6. Nf3 Qd7 7. h4 Ba6 ({RR} 
7... Ne7 8. h5 h6 9. Qf4 Ba6 10. Be2 c5 11. a4 Bxe2 12. Nxe2 Nbc6 13. O-O Nb4
14. Ne1 Nec6 15. c3 Na6 16. Qg3 Na5 17. Bf4 Nb3 18. Ra3 c4 19. Ra2 O-O-O 20.
Nc1 Na5 21. Nf3 Kb8 22. Nd2 {Dai,C (2480)-Yu Yangyi (2738) Daqing CHN 2019 1-0
(58)}) 8. Bxa6 Nxa6 9. a3 $146 ({RR} 9. Be3 O-O-O 10. a3 Ne7 11. O-O f5 12. Qh3
h6 13. h5 g5 14. hxg6 Nxg6 15. b4 Rg8 16. b5 Nb8 17. Rfb1 Qg7 18. a4 c5 19. a5
cxd4 20. axb6 axb6 21. Nxd4 Qxe5 22. Ra8 Bd6 23. Na4 Kb7 {Hallenberg,S (2131)
-Westerinen,H (2237) Finland FIN 2023 1-0}) ({RR} 9. Bd2 Nb4 10. Rc1 h5 11. Qf4
c5 12. a3 Nc6 13. Ne2 Nge7 14. O-O Ng6 15. Qg3 cxd4 16. Nexd4 Nxd4 17. Nxd4 Be7
18. Nf3 Rc8 19. Ng5 Rc4 20. f4 Bxg5 21. hxg5 Ne7 22. b3 Rc6 23. Rfd1 Qc7 {
Guidarelli,L (2323)-Vavrak,P (2286) Saint Vincent 2001 1-0 (51)}) 9... Nb8 10.
O-O Nc6 11. b4 Nge7 12. Ne2 h6 13. h5 O-O-O 14. Nh4 Nf5 15. Nxf5 exf5 16. Qf3
g5 17. c3 Be7 18. Qd3 f4 19. Bd2 Kb7 20. f3 f6 21. exf6 Bxf6 22. Kf2 Rhe8 23.
Rae1 Ne7 24. g4 Nc8 25. Nc1 Nd6 26. Qg6 Qg7 27. Qxg7 Bxg7 28. Nd3 Nc4 29. Bc1
Kc8 30. a4 Kd7 31. b5 c5 32. dxc5 Rxe1 33. Rxe1 Bxc3 34. c6+ Kd6 35. Re2 Bd4+
36. Kf1 Ne3+ 37. Bxe3 fxe3 38. Kg2 Bc5 39. f4 gxf4 40. Nxf4 Rf8 41. Nd3 d4 42.
Re1 Kd5 43. Rf1 Rxf1 44. Kxf1 Bd6 45. g5 Ke6 46. gxh6 Kf7 47. Ke2 Kg8 48. Nb4
Kh7 49. Nd5 Kxh6 50. c7 Bxc7 51. Nxc7 Kxh5 52. Nd5 Kg4 53. Nxb6 axb6 54. a5 Kf4
55. a6 Ke4 56. a7 d3+ 57. Ke1 1-0

[Event "Floripa Chess Open 2024"]
[Site "Florianopolis"]
[Date "2024.01.24"]
[Round "6.102"]
[White "Dias, Matheus Nunes"]
[Black "Silva, Adriano Da"]
[Result "1-0"]
[WhiteElo "1684"]
[BlackElo "1926"]
[PlyCount "57"]
[EventDate "2024.01.20"]
[EventRounds "10"]
[EventCountry "BRA"]

1. d4 Nf6 2. c4 e6 3. Nc3 Bb4 4. Qc2 d5 5. a3 Bxc3+ 6. Qxc3 Ne4 7. Qc2 O-O 8.
Bf4 ({RR} 8. g3 c5 9. dxc5 Nc6 10. Ra2 Qa5+ 11. Bd2 Qxc5 12. e3 a5 13. Nf3 e5
14. Bd3 Bg4 15. Bxe4 dxe4 16. Ng5 Qe7 17. h3 Bh5 18. Nxe4 Bf3 19. Rg1 Rad8 20.
b3 Nd4 21. Qb1 Bxe4 22. Qxe4 f5 {Justo,D (2306)-Nisipeanu,L (2613) Paris 2002
0-1}) 8... c6 9. e3 Nf6 $146 ({RR} 9... f5 10. Bd3 g5 11. Bg3 f4 12. f3 Qf6 13.
fxe4 fxg3 14. hxg3 dxe4 15. Be2 e5 16. Qxe4 Qf2+ 17. Kd2 Bf5 18. Qxe5 Nd7 19.
Nh3 Qxg2 20. Qe7 Nf6 21. Rag1 Qe4 22. Qxe4 Nxe4+ 23. Ke1 Rae8 24. Rh2 {Stulik,
V-Hofmann,V Prague 1953 0-1 (42)}) ({RR} 9... Nd7 10. Bd3 f5 11. Nf3 b6 12. O-O
Ba6 13. Nd2 Nxd2 14. Qxd2 dxc4 15. Be2 Nf6 16. Rfc1 Qd5 17. Be5 b5 18. Bxf6
Rxf6 19. Bf3 Qd6 20. b3 Rc8 21. bxc4 bxc4 22. Qc3 c5 23. Rd1 Rb8 24. d5 {
Metzner,L-Ensslinger,C (2043) Wiesbaden GER 2023 0-1 (49)}) ({RR} 9... f5 10.
f3 Nf6 11. Bd3 dxc4 12. Bxc4 Nd5 13. Nh3 Nxf4 14. Nxf4 Qf6 15. Qc3 g5 16. Nd3
Nd7 17. Rd1 Nb6 18. Ne5 Nd5 19. Bxd5 exd5 20. f4 Rd8 21. g3 Bd7 22. Kf2 Be8 23.
Rc1 Rdc8 24. h4 {Serrer,C-Poethig,H Germany 1985 1/2-1/2 (60)}) 10. Nf3 Re8 11.
Bd3 dxc4 12. Qxc4 b6 13. Bxb8 Rxb8 14. Qxc6 Bb7 15. Qc2 Rc8 16. Qe2 Re7 17. O-O
Rec7 18. e4 h6 19. Rad1 g6 20. Qe3 Kg7 21. Rfe1 g5 22. h3 Nh5 23. d5 Rd7 24.
Bb5 Rd6 25. Nd4 Kh7 26. Qf3 Nf4 27. g3 exd5 28. e5 Nxh3+ 29. Kh2 1-0